Statistics for hindu gods

Click here to take the quiz!

General Stats

  • This quiz has been taken 87 times
  • The average score is 8 of 10

Answer Stats

Answer% Correct
the preserver godvishnu
98%
god of distructionshiva
94%
god with the head of an elephantganesha
89%
god of the universebrahma
85%
8th avatar of vishnukrishna
82%
goddess of wealthlakshmi
71%
king of the heavensindra
66%
god that the thugees offered people tokali
66%
godess of knowledgesaraswati
65%
god of deathyama
56%

Score Distribution

Percentile by Number Answered

Percent of People with Each Score

Your Score History

You have not taken this quiz